Research methods in library and information science / (Record no. 52742)

MARC details
000 -LEADER
fixed length control field 00614nam a2200217Ia 4500
005 - DATE AND TIME OF LATEST TRANSACTION
control field 20260429112157.0
008 - FIXED-LENGTH DATA ELEMENTS--GENERAL INFORMATION
fixed length control field 260429s9999||||xx |||||||||||||| ||und||
020 ## - INTERNATIONAL STANDARD BOOK NUMBER
International Standard Book Number 9781440878572
041 ## - LANGUAGE CODE
Language English
082 ## - DEWEY DECIMAL CLASSIFICATION NUMBER
Classification number 020.72
Item number CON
100 ## - MAIN ENTRY--PERSONAL NAME
Personal name Connaway, Lynn Silipigni
245 #0 - TITLE STATEMENT
Title Research methods in library and information science /
Statement of responsibility, etc Lynn Silipigni Connaway
250 ## - EDITION STATEMENT
Edition statement 7th ed.
260 ## - PUBLICATION, DISTRIBUTION, ETC. (IMPRINT)
Place of publication, distribution, etc California :
Name of publisher, distributor, etc Libraries Unlimited,
Date of publication, distribution, etc 2021.
300 ## - PHYSICAL DESCRIPTION
Extent xxii, 528 p.; pbk
650 ## - SUBJECT ADDED ENTRY--TOPICAL TERM
Topical term or geographic name as entry element Methodology
650 ## - SUBJECT ADDED ENTRY--TOPICAL TERM
Topical term or geographic name as entry element Research
650 ## - SUBJECT ADDED ENTRY--TOPICAL TERM
Topical term or geographic name as entry element Library science
700 ## - ADDED ENTRY--PERSONAL NAME
Personal name Radford, Marie L.
942 ## - ADDED ENTRY ELEMENTS (KOHA)
Koha item type Text Books
Holdings
Withdrawn status Lost status Damaged status Not for loan Collection code Home library Location Shelving location Date of Cataloging Source of acquisition Total Checkouts Full call number Barcode Date last seen Price effective from Koha item type
        Non-fiction CUTN Central Library CUTN Central Library Generalia 29/04/2026 Technical Bureau, New Delhi - Invoice No. TB3352 on 09-02-2026   020.72 CON 57861 29/04/2026 29/04/2026 Text Books